Memoria sobre la civilización de los araucanos leída el once del corriente ante el Consejo de la Sociedad Evangélica por el Presbítero Dr. D. José Manuel Orrego, miembro del Directorio de dicha Sociedad, en desempeño de la comisión que ésta le confirió para visitar las misiones de la Araucanía

Guardado en:
Detalles Bibliográficos
Autor principal: Orrego, José Manuel (Orrego Pizarro, José Manuel) (autor)
Formato: Libro
Lenguaje:español
Publicado: Santiago Imprenta de la Sociedad, calle de la Compañía, núm. 94 1855
Edición:1a. ed
Materias:
Etiquetas: Agregar Etiqueta
Sin Etiquetas, Sea el primero en etiquetar este registro!

MARC

LEADER 00000nam a2200000 a 4500
001 UCJ4877
003 CL-VaPUC
008 070124e18550630CL |||||||||||||||||spa|d
082 0 4 |a 983  |b ORR  |2 21 
100 |a Orrego, José Manuel  |q (Orrego Pizarro, José Manuel)  |e autor  |9 504536 
245 1 0 |a Memoria sobre la civilización de los araucanos leída el once del corriente ante el Consejo de la Sociedad Evangélica por el Presbítero Dr. D. José Manuel Orrego, miembro del Directorio de dicha Sociedad, en desempeño de la comisión que ésta le confirió para visitar las misiones de la Araucanía 
250 |a 1a. ed 
300 |a 39 p 
942 |c BK 
945 |d 20070124 00:00:00  |a rinostro 
260 |a Santiago  |b Imprenta de la Sociedad, calle de la Compañía, núm. 94  |c 1855 
500 |a Advierte errata. Empastado junto a otras monografías en un volumen rotulado Folletos Varios 10 y ubicado en 983 CAV 
650 0 |a Misioneros  |9 324171 
650 0 |a Iglesia Católica  |9 256114 
650 0 |a Araucanos  |9 314060 
650 0 |a Órdenes religiosas  |9 257499 
650 7 |a EVANGELIZACION  |2 CL-VaPUC  |9 509347 
650 0 |a Historia de Chile  |9 265473 
583 |a last modification  |c 20070124 00:00:00  |k Rodrigo Vera 
999 |c 320992  |d 320990 
952 |0 0  |1 0  |4 0  |6 983_000000000000000_ORR_1855  |7 0  |8 X  |9 399642  |a FDOBUD  |b FDOBUD  |d 2019-11-22  |i 102731K  |o 983 ORR 1855  |p 102731K  |r 2019-11-22  |w 2019-11-22  |y BK_X  |k BUD